Statistics for Countries with 9 letters

Click here to take the quiz!

General Stats

  • This quiz has been taken 106 times
    (88 since last reset)
  • The average score is 5 of 11

Answer Stats

Hint Answer % Correct
2Australia
73%
1Argentina
68%
6Indonesia
57%
7Lithuania
45%
5Guatemala
43%
9Singapore
43%
10Venezuela
43%
3Costa Rica
37%
8Swaziland
30%
4Macedonia
27%
11Cape Verde
22%

Score Distribution

Percentile by Number Answered

Percent of People with Each Score

Your Score History

You have not taken this quiz since the last reset